000
00237 a2200097 4500
001
44158
100
_a
Farago, L
245
_a
Aftermath martin bormann & the fourth reich
260
_a
New York
_b
Simon schuster
_c
090
_c
27899
_d
27899
942
_a
NUST-CAE
_c
M
_c
19889
999
_c
279231
_d
279231